Curso de ciencia de la administración / Mariano Baena del Alcázar
ISBN:
84-309-1139-1
Descripción Física:
v. ; 24 cm
MARC
| LEADER | 00000nam a2200000Ia 4500 | ||
|---|---|---|---|
| 001 | 18740 | ||
| 008 | 160829s1990 xx 000 0 cat d | ||
| 020 | |a 84-309-1139-1 | ||
| 080 | |a M-5-376 | ||
| 100 | |a Baena del Alcázar, Mariano |9 45272 | ||
| 245 | |a Curso de ciencia de la administración / Mariano Baena del Alcázar | ||
| 250 | |a 2a ed., 1a reimp. | ||
| 260 | |a Madrid : |b Tecnos, |c 1990 | ||
| 300 | |a v. ; |c 24 cm | ||
| 590 | |a Conté: v. 1 | ||
| 650 | |a Administració pública |x Història |x Espanya |9 43862 | ||
| 901 | |a Arxiu | ||
| 942 | |n 1 | ||
| 952 | |0 0 |1 0 |4 0 |6 M5376 |7 1 |9 51651 |a Arxiu |b Arxiu |d 2016-12-01 |l 0 |o M-5-376 |p 18740 |r 2016-12-01 00:00:00 |w 2016-12-01 |y ARXIU | ||
| 999 | |c 55496 |d 55496 | ||